| 000 | 01414nam0a22003011 4500 | ||
|---|---|---|---|
| 001 | v19\rc\1390092 | ||
| 005 | 20250618093402.0 | ||
| 035 | _a(NLR Aleph) 004522736 | ||
| 090 |
_a4883206 _c4883206 |
||
| 100 | _a20060512d1871 |||y0rusy50 ca | ||
| 101 | 1 |
_arus _cger |
|
| 102 | _aRU | ||
| 105 | _ay z ||||| | ||
| 200 | 1 |
_aУчение об оспопрививании, общедоступно изложенное _f[Д-р Бон] _gС нем. пер. д-р М. Блуменфельд |
|
| 210 |
_aМосква _cтип. А.И. Мамонтова и К° _d1871 |
||
| 215 |
_a34 с. _d17 |
||
| 300 | _aАвт. указан в предисл. | ||
| 300 | _aИз предисл. переводчика: Предлагаемое рассуждение чит. было д-ром Боном (Bohn) в собрании Кенигсбергкск. купеческ. о-ва и вошло в состав известного "Сборника популярно-научных чтений", изд. проф. Вирховым и Гольцендорфом" | ||
| 700 | 1 |
_aБон _bГ. _gГенрих |
|
| 702 | 1 |
_aБлуменфельд _bМ.И. _f1842- _gМихаил Иосифович _4730 |
|
| 801 | 0 |
_aRU _bNLR _gpsbo |
|
| 801 | 0 |
_aRU _bRuMoRGB _2psbo |
|
| 801 | 1 |
_aRU _bProSoft-M _2rusmarc |
|
| 852 |
_aNLR _j18.118.6.182 |
||
| 899 |
_aRuMoRGB _jF 109/63 |
||
| 899 |
_aRuMoRGB _jS 34/570 |
||
| 942 | _cBOOK | ||
| 980 | _aNB | ||